000 01278nam a2200325 a 4500
001 ebr10658442
003 CaPaEBR
006 m o u
007 cr cn|||||||||
008 120925s2013 enka sb 001 0 eng d
010 _z 2012950202
020 _z9781848214408
020 _z9781118580134 (e-book)
040 _aCaPaEBR
_cCaPaEBR
035 _a(OCoLC)834544285
050 1 4 _aTS156
_b.G76 2013eb
100 1 _aGrous, Ammar.
245 1 0 _aAnalysis of reliability and quality control
_h[electronic resource] /
_cAmmar Grous.
260 _aLondon :
_bISTE ;
_aHoboken, N.J. :
_bWiley,
_c2013.
300 _axii, 259 p. :
_bill.
490 0 _aFracture mechanics ;
_v1
490 0 _aMechanical engineering and solid mechanics series
504 _aIncludes bibliographical references and index.
533 _aElectronic reproduction.
_bPalo Alto, Calif. :
_cebrary,
_d2015.
_nAvailable via World Wide Web.
_nAccess may be limited to ebrary affiliated libraries.
650 0 _aProduction management
_xQuality control.
650 0 _aReliability (Engineering)
655 7 _aElectronic books.
_2local
710 2 _aebrary, Inc.
856 4 0 _uhttp://site.ebrary.com/lib/rucke/Doc?id=10658442
_zAn electronic book accessible through the World Wide Web; click to view
999 _c65369
_d65369